000 00411nam a2200169Ia 4500
008 230711s9999||||xx |||||||||||||| ||und||
041 _aENG
082 _a720
_bAB-S
100 _aAbdel-Sayed,George
245 0 _aSoil steel bridges
250 _a1st Ed.
260 _c1994
_aNew Delhi
_bTata McGraw Hill Education Limited
300 _a357
650 _aArchitecture
700 _aBakht,Baidar
942 _cBK
999 _c3343
_d3343